Spécialités culinaires par ville française - Statistiques

Statistiques générales
  • Ce quiz a été pris 251 fois
  • Le résultat moyen est 6 sur 8
Statistiques - réponses
Question Réponse % Correct
Kouign amann Douarnenez
91%
Saucisson brioché Lyon
87%
Petit beurre Nantes
85%
Calisson Aix en Provence
80%
Biscuits rose Reims
67%
Tielle Sète
65%
Pan bagnat Nice
57%
Brandade de morue Nimes
32%
Aucun quiz correspondant
Distribution des résultats
% des personnes avec chaque résultat
Percentile par nombre de réponses
Votre historique - résultats
Vous n’avez pas pris ce quiz